Pays ayant accueilli les Jeux Olympiques d’été et d’hiver - Statistiques

Statistiques générales
  • Ce quiz a été pris 12 713 fois
    12 528 depuis la dernière actualisation
  • Le résultat moyen est 7 sur 8
Statistiques - réponses
# Été # Hiver Pays % Correct
3 3 France
100%
5 4 États-Unis
98%
1 3 Italie
92%
1 1 Chine
91%
2 2 Japon
89%
1 2 Canada
86%
2 1 Allemagne
85%
1 1 Corée du Sud
58%
Aucun quiz correspondant
Distribution des résultats
% des personnes avec chaque résultat
Percentile par nombre de réponses
Votre historique - résultats
Vous n’avez pas pris ce quiz depuis la dernière actualisation